• 首页
  • 本馆介绍
  • 公告通知
  • 最新文献
  • 馆藏检索
  • 电子资源
  • 读者导购
  • 参考咨询
  • 我的图书馆
  • 登录
  • 详细信息显示
  • 放入我的书架
  • 预约/预借图书
  • 作者相关作品
  • 分类相关作品
  • 丛书相关作品
  • 出版社相关作品

书目信息

  • 表格格式
  • 工作单格式
  • 卡片格式
题名:
中国经济前沿问题报告
    
 
作者: 周永亮 著
分册:  
出版信息: 北京   中国社会科学出版社  2002
页数: 11,598页
开本: 24cm
丛书名:
单 册:
中图分类: F120.2
科图分类:
主题词: 经济--问题--研究--中国 , 经济 , 问题
电子资源:
ISBN: 7-5004-3370-0
000 00812nam0 2200253 450
001 012007560097
005 20070605145325.21
010    @a7-5004-3370-0@dCNY50.00
100    @a20070602d2002 km y0chiy0120 ea
101 0  @achi
102    @aCN@b110000
105    @ay z 000yy
106    @ar
200 1  @a中国经济前沿问题报告@Azhong guo jing ji qian yan wen ti bao gao@f周永亮博士著@Fzhou yong liang bo shi zhu
210    @a北京@c中国社会科学出版社@d2002
215    @a11,598页@d24cm
330    @a本书反映了作者对经济问题的研究与思考。全书分四个部分: 全球化观点、经济发展论点、财政金融焦点、社会关注热点。
606 0  @a经济@x问题@x研究@y中国
606 0  @a经济
606 0  @a问题
690    @aF120.2@v4
701  0 @a周永亮@Azhou yong liang@4著
801  0 @aCN@bRULIN@c20070605
905    @dF120.2@e175@s3
    
    中国经济前沿问题报告/周永亮博士著.-北京:中国社会科学出版社,2002
    11,598页;24cm
    
    
    ISBN 7-5004-3370-0:CNY50.00
    本书反映了作者对经济问题的研究与思考。全书分四个部分: 全球化观点、经济发展论点、财政金融焦点、社会关注热点。
●
相关链接 在E读中查询图书 在五车中查询图书 在当当中查询图书 在豆瓣中查询图书


正题名:中国经济前沿问题报告     索取号:F120.2/175         预约/预借

序号 登录号 条形码 馆藏地/架位号 状态 备注
1 0582248   205822485   第一样本阅览室/ [索取号:F120.2/175] 在馆    
2 0582249   205822494   第一借阅区/ [索取号:F120.2/175] 在馆    
3 0582250   205822500   第一借阅区/ [索取号:F120.2/175] 在馆    
唐山师范学院图书馆 欢迎您!
大连网信软件有限公司© 版权所有